Score 0/20 Timer 01:30
0 Plays Today
Hint Answer % Correct
Led Zeppelin IV (Led Zeppelin)Heaven
94.7%
Hunky Dory (David Bowie)Andy
93.6%
Sticky Fingers (The Rolling Stones)Brown
91%
Led Zeppelin IV (Led Zeppelin)Rock
90.9%
Who's Next (The Who)Baba
84.2%
Who's Next (The Who)Fooled
83.7%
Who's Next (The Who)Blue
81.9%
Hunky Dory (David Bowie)Mars
81.4%
Sticky Fingers (The Rolling Stones)Horses
73%
Led Zeppelin IV (Led Zeppelin)Dog
71.3%
Hint Answer % Correct
Led Zeppelin IV (Led Zeppelin)Levee
60.7%
Led Zeppelin IV (Led Zeppelin)California
45.4%
Hunky Dory (David Bowie)Dylan
42.2%
Hunky Dory (David Bowie)Pretty
41.3%
Sticky Fingers (The Rolling Stones)Knocking
39.9%
Who's Next (The Who)Over
37.8%
Sticky Fingers (The Rolling Stones)Dead
29.9%
Who's Next (The Who)Getting
19.7%
Hunky Dory (David Bowie)Brothers
17.8%
Sticky Fingers (The Rolling Stones)Mile
16.2%

Today's Daily Dose

Remove Ads.
Support Sporcle.
Get the best of Sporcle when you Go Orange. This ad-free experience offers more features, more stats, and more fun while also helping to support Sporcle. Thank you for becoming a member.

You're not logged in!

Compare scores with friends on all Sporcle quizzes.
OR
Log In

Show Comments

Extras

Top Quizzes Today


Score Distribution

Your Account Isn't Verified!

In order to create a playlist on Sporcle, you need to verify the email address you used during registration. Go to your Sporcle Settings to finish the process.

Report this User

Report this user for behavior that violates our Community Guidelines.

Details: